Ohne diese Länder wäre die Welt besser - Statistiken

Allgemein
  • Dieses Quiz wurde 264 mal gespielt
  • Das Durchschnittsergebnis liegt bei 10 aus 15
Antworten auf der Karte
Die Antworten werden auf der Karte rot bzw. grün angezeigt, abhängig davon wie oft sie richtig erraten wurden.
 
Antwortstatistiken
Antwort % Korrekt
Russland
98%
USA
95%
China
91%
Nordkorea
85%
Iran
81%
Irak
78%
Israel
72%
Saudi-Arabien
72%
Syrien
71%
Frankreich
58%
Jemen
51%
VAE
38%
Jordanien
31%
Venezuela
30%
Österreich
17%
Keine übereinstimmenden Quizze gefunden
Verteilung der Resultate
Anzahl Personen mit jedem Resultat
Perzentil nach korrekt beantworteten Fragen
Ihre Resultats-Entwicklung
Sie haben dieses Quiz noch nicht gespielt